Teoría del arte (Record no. 116736)

MARC details
000 -LEADER
campo de control de longitud fija 00646nam a2200193 4500
001 - NÚMERO DE CONTROL
campo de control 116736
003 - IDENTIFICADOR DE NÚMERO DE CONTROL
campo de control ES-MaACL
007 - CAMPO FIJO DE DESCRIPCIÓN FÍSICA--INFORMACIÓN GENERAL
campo de control de longitud fija t|
008 - DATOS DE LONGITUD FIJA--INFORMACIÓN GENERAL
campo de control de longitud fija 061121s1944 ag r ||||1| spa d
100 1# - ENTRADA PRINCIPAL--NOMBRE DE PERSONA
Nombre de persona Pascoli, Giovanni.
9 (RLIN) 89333
245 10 - MENCIÓN DEL TÍTULO
Título Teoría del arte
Resto del título : (El Pequeñuelo) /
Mención de responsabilidad, etc. Giovanni Pascoli ; estudio preliminar de Gherarde Marone.
260 ## - PUBLICACIÓN, DISTRIBUCIÓN, ETC.
Lugar de publicación, distribución, etc. Buenos Aires :
Nombre del editor, distribuidor, etc. Inter Americana,
Fecha de publicación, distribución, etc. 1944.
300 ## - DESCRIPCIÓN FÍSICA
Extensión 131 p. ;
Dimensiones 20 cm.
490 1# - MENCIÓN DE SERIE
Mención de serie Vida de espíritu ;
Designación de volumen o secuencia 7
700 1# - ENTRADA AGREGADA--NOMBRE PERSONAL
Nombre de persona Marone, Gherarde.
9 (RLIN) 76957
830 00 - PUNTO DE ACCESO ADICIONAL DE SERIE-TÍTULO UNIFORME
Título uniforme Vida del espíritu (Interamericana)
Designación de volumen o secuencia 7
9 (RLIN) 230679
852 ## - LOCALIZACIÓN
Ubicación ES-MaACL
Número de control de estantería B-7843
Sublocalización o colección R.28628
Holdings
Estatus retirado Estado de pérdida Estado de daño No para préstamo Biblioteca de origen Biblioteca actual Ubicación en estantería Fecha de adquisición Fuente de adquisición Total de préstamos Signatura topográfica completa Código de barras Visto por última vez Precio de reemplazo Tipo de ítem Koha
        Biblioteca del Ateneo de Madrid Biblioteca del Ateneo de Madrid Sala Pardo Bazán 17/01/2008     B-7843 1121722 23/02/2023 23/02/2023 Libro impreso